[Event "RUS-ch sf 58th"]
[Site "Kazan"]
[Date "2005.09.04"]
[Round "2"]
[White "Galkin, Alexander"]
[Black "Kabanov, Nikolai"]
[Result "1-0"]
[WhiteElo "2598"]
[BlackElo "2508"]
[Annotator "Golod,V"]
[PlyCount "115"]
[EventDate "2005.09.03"]
[EventType "swiss"]
[EventRounds "9"]
[EventCountry "RUS"]
[SourceTitle "CBM 109"]
[Source "ChessBase"]
[SourceDate "2005.11.14"]
[SourceVersion "1"]
[SourceVersionDate "2005.11.14"]
[SourceQuality "1"]

1. e4 c5 2. Nf3 e6 3. d4 cxd4 4. Nxd4 Nf6 5. Nc3 Nc6 6. Ndb5 Bc5 7. Bf4 O-O 8.
Bc7 Qe7 9. Bd6 Bxd6 10. Qxd6 Qd8 ({In this position Black has a number of
possibilities:} 10... a6 $5) (10... Qxd6 $5) ({and} 10... Ne8 $5 {For further
information about this line see my comments to Carlsen,M-Vidoniak,R/Gausdal,
2005/CBM 107(1-0)(42)}) 11. Nc7 $5 $146 {A new move. The main continuation in
this position is 11.0-0-0.} ({For example:} 11. O-O-O $5 a6 12. Nd4 Qb6 13.
Nxc6 bxc6 14. f3 a5 (14... Ne8 $5) 15. Na4 Qb4 16. b3 Qxd6 17. Rxd6 Ne8 18. Rd3
d5 19. Rc3 $14 {Oll,L-Janssen,R/Dieren,1996(1-0)(41)}) (11. Qg3 $143 d5 12.
O-O-O a6 13. exd5 axb5 14. dxc6 Qb6 15. Bxb5 bxc6 16. Bc4 Ba6 $44 {Xu
Yuhua-Wang Yu/HeiBei,2001(1-0)(47)}) 11... Rb8 ({After:} 11... Ne8 12. Nxe8
Rxe8 13. O-O-O {Black has some problems with his queenside development.}) 12.
Be2 b6 (12... Ne8 $2 13. Nxe8 Rxe8 14. O-O $16 {[%csl Rc8,Gd6,Rd7][%cal Ga1d1]}
) 13. e5 {By this move GM Galkin fixes the pawn structure and keeps the
central black pawns on light squares.} Ne8 (13... Rb7 $2 14. exf6 Qxc7 (14...
Rxc7 $2 15. fxg7 Kxg7 16. Nb5 Rb7 17. Qg3+ Kh8 18. Nd6 Rb8 19. O-O-O $18) 15.
Qxc7 Rxc7 16. Nb5 Rb7 17. fxg7 Kxg7 18. Nd6 Rc7 19. c3 $16) 14. Nxe8 Rxe8 15.
f4 ({Could be recommended:} 15. O-O $5) 15... Bb7 {This hardly deserves
attention, but there is another attempt to free from White's pressure:} (15...
f6 $6 16. Bf3 Bb7 17. O-O-O (17. O-O $143 Na5 $132) 17... fxe5 18. Qxd7 Nd4 19.
Qxd8 Rexd8 20. Bxb7 Rxb7 21. fxe5 Rbd7 22. Rhe1 {+/=/+/-}) 16. Bf3 {White
ignored another good option to finish his development:} (16. O-O $5) 16... Ne7
17. Bxb7 Rxb7 18. O-O-O $14 {After all, Alexander Galkin found the time for
castling. He continued to keep an advantage thanks to the pressure on the
d-file, but Black has now some options to start counterplay on the queenside
after:} b5 {[%cal Gd8a5,Gb5b4]} ({After:} 18... Nf5 19. Qd2 d5 20. g4 (20. exd6
$143 Rd7 21. Ne4 Qb8 $11 {[%csl Rd6][%cal Ge8d8,Gb8d6,Gf5d6,Gd7d6,Gd8d6]})
20... Ne7 21. Nb5 Nc8 22. h4 $36 {Black also didn't solve all his problems.})
19. Ne4 {[%csl Rb7,Rd7][%cal Ge4c5]} Qa5 (19... Nd5 $142 20. Qa3 b4 21. Qg3 Rb6
$14) 20. Kb1 $6 {White missed a good chance to regroup his forces.} (20. Qd3 $5
Rc7 21. Nd6 Rb8 22. Qb3 Nd5 23. Rd4 b4 24. Rhd1 {+/=/+/-}) 20... b4 ({The next
continuation seems dangerous for Black:} 20... Nd5 21. Rxd5 exd5 22. Qxd5 Rc7
23. Ng5 Rf8 24. Qd3 g6 25. Ne4 $36) 21. Rd3 $6 {[%csl Rg8][%cal Gd3g3,Gg3g8,
Ge4f6] The beginning of an unsuccessful plan. By this move, White tries to
organise an attack on the black King, but he hasn't enough pieces in order to
do something serious. Better was:} (21. Nc5 $5 Rc7 (21... Rbb8 $6 22. Nb3 Qb5
23. Qxd7 $16) 22. Nb3 Qb6 23. Qxb6 axb6 24. Rhe1 $14) 21... Nd5 $11 {Black
used White's two last moves to fully equalize the position.} 22. Rg3 $6 (22.
Nc5 $142 Rbb8 23. Nb3 (23. Nxd7 $6 Rbd8 24. Rhd1 Qa4 25. Rxd5 exd5 26. Qxd5 b3
27. cxb3 Qxf4 $15) 23... Qd8 $11 {[%csl Rd6,Rf4][%cal Gd5f4,Gb8b6]}) 22... Reb8
$6 {Why not to put a rook on an open file:} (22... Rc8 $5 {<->c} 23. Nf6+ Nxf6
24. exf6 g6 {=/=/+}) 23. Nf6+ Nxf6 24. exf6 g6 25. Rg5 ({Much better for White
was to enter his second rook in the game:} 25. Rd1 $5) 25... Qc7 $6 {I'm not
sure, that the exhange of queens is in favour of Black. In a rook ending, "f6"
pawn guarantees White some advantage.} (25... Qd8 $142 {[%csl Rf6][%cal Gd8f6]}
) 26. Qd2 $6 {I would like to recommend to immediately transfer to a rook
ending according to the reason from my previous annotation:} (26. Qxc7 Rxc7 27.
Ra5 {+/=/=}) 26... Qc3 (26... Qd8 $5 27. Qd4 b3 $1 28. axb3 $140 Rb4 $132) 27.
Qxc3 bxc3 28. b3 $11 {White has exchanged the queens in an unsuccessful stage
and in the arising ending, the chances of both sides are equal.} Rb4 (28... d5
$5 {deserves attention, because Black prevents the penetration of White's rook
to the queenside.}) 29. g3 ({More active was:} 29. Ra5 Rxf4 30. Rxa7 d5 31. Rc7
Rxf6 32. Rxc3 Rf2 33. g3 $13) 29... d5 30. Re5 (30. Rd1 $142 {with the idea to
prevent 30...Rd4}) 30... h5 $2 {I'm not sure about this move, because it
weakens Black's kingside.} (30... Rd4 $5 {/\Rd2}) 31. Rd1 Rc8 32. Rd3 Rb6 33.
Kc1 a5 {Another non-obligatory move.} (33... Rbc6 $5) 34. Ree3 Rbc6 35. a4 Rc5
36. Kd1 $14 {[%cal Yd1e2,Ye2f3,Yf3g2,Yg2h3,Yh3h4,Yh4g5] Alexander Galkin found
an interesting course for his King.} Kf8 {Black transfered the king to the
centre.} 37. Ke2 Ke8 38. Kf3 Kd7 39. Kg2 Kd6 40. Kh3 g5 $2 {An interesting,
but a doubtful decision. Black declined a passive way of defense (play with
the rooks on the c-file) and chooses to sacrifice a pawn in order to activate
his central pawns. Another option to active counterplay was:} (40... R5c6 $5
41. Kh4 Kc5 $6 (41... R8c7 $5) (41... Kd7 $5) 42. Rxc3+ Kb4 43. Rxc6 Rxc6 44.
f5 $1 gxf5 (44... exf5 $142 45. Kg5 $16 {/\Re7 קf7}) 45. Re2 Rc8 46. Kxh5 Rh8+
47. Kg5 Rh3 48. Kf4 d4 {/\d3 קb3} 49. Ke5 {[%csl Rf7][%cal Ge5d6,Gd6e7,Ge7f7]
but also in this line White's advantage is obvious.}) 41. fxg5 $16 e5 42. g4 $2
{An inaccuracy.} (42. Kh4 $5 d4 (42... Rh8 $143 43. Rxc3) 43. g4 (43. Kxh5 $4
Rh8+ 44. Kg4 Rxh2 $19) 43... hxg4 44. Kxg4 {[%csl Gf6,Gg5,Gh2][%cal Gh2h4,
Gh4h5,Gg5g6] +/-/+-}) 42... Rh8 43. Rxc3 hxg4+ $6 {In this and part of the
annotations, i'll use comments of IM Maxim Notkim (from the site www.chesspro.
ru).} (43... d4 $1 {deserves serious attention. Notkin,M} 44. Rxc5 dxe3 45. Rc3
hxg4+ 46. Kxg4 Rxh2 47. Rxe3 (47. Kf3 e2 48. Re3 e1=Q 49. Rxe1 Rxc2 $11) 47...
Rxc2 {and it is not clear how White could use his extra pawn.}) 44. Kxg4 Rxc3
45. Rxc3 Rxh2 46. g6 fxg6 (46... Rg2+ $2 {loses: (Notkin,M)} 47. Rg3 Rxg3+ 48.
Kxg3 fxg6 49. b4 $1 axb4 50. a5 d4 51. a6 d3 52. cxd3 b3 53. f7 Ke7 54. f8=Q+
Kxf8 55. a7 b2 56. a8=Q+ $18) 47. Kg5 (47. Rf3 Rh8 48. Kg5 e4 49. Rf1 e3 50.
Kxg6 e2 51. Re1 Rg8+ 52. Kf7 Rg2 53. Kf8 (53. Ke8 Rg8+ 54. Kf7 Rg2) (53. c3 Kd7
$11) 53... d4 54. f7 Kd7 $11 {and Black manages to hold on.}) 47... e4 $4 {
A painful blunder leading to an immediate loss.} (47... Rf2 $1 48. Kxg6 Rg2+
49. Kf7 e4 50. Kf8 (50. Rc8 $2 e3 51. Re8 d4 52. c3 dxc3 53. Rxe3 c2 54. Rc3
Rf2 $11) 50... Rf2 51. f7 d4 52. Rc8 (52. Rc4 {Notkin,M} d3 53. Rxe4 (53. cxd3
exd3 54. Ke8 Re2+ 55. Kd8 Rf2 56. Rd4+ Kc5 57. Rd7 Kb4 $11) (53. Kg7 Rg2+ 54.
Kf6 Rf2+ 55. Kg6 Rg2+ 56. Kf5 Rf2+ 57. Kxe4 dxc2 58. Rxc2 Rxf7 $11) 53... dxc2
54. Rc4 Ke6 $11) 52... e3 53. Kg8 Kd7 (53... e2 $4 54. Rd8+ Kc5 55. Re8 Rg2+
56. Kf8 {/\Re7,Ke8,f8Q} d3 57. cxd3 Kd4 58. Re6 Kxd3 59. Ke7 Rf2 60. f8=Q Rxf8
61. Kxf8 Kd2 62. Ke7 e1=Q 63. Rxe1 Kxe1 64. Kd6 {with mate in 17 moves :)}) 54.
Re8 $1 (54. Ra8 $143 Rg2+ {קc2} 55. Kh7 Rh2+ 56. Kg7 Rg2+ $11) 54... Rg2+ 55.
Kf8 {[%csl Rd4][%cal Ge8e4,Ge4d4]} Rxc2 56. Re4 Rd2 57. Rf4 {/\58.Kg7 Rg2+ 59.
Kh6 Rh2+ 60.Kg5 Rg2+ 61.Kh4 Rh2+ 62.Kg3 and so on.} e2 $1 58. Re4 d3 59. Kg7
e1=Q 60. f8=N+ (60. Rxe1 Rg2+ 61. Kf6 Rf2+ $11) 60... Kc6 61. Rxe1 Kc5 62. Ne6+
Kb4 $11 {[%csl Ra4,Rb3,Gd3]}) 48. f7 Ke7 (48... Rf2 $144 {Notkin,M} 49. Kxg6
Rg2+ 50. Kf6 Rf2+ 51. Kg7 Rg2+ (51... d4 52. Rc8 $18) 52. Kf8 d4 53. Ke8 Rf2
54. Rh3 $18) 49. Rc7+ Kf8 50. Kxg6 $18 Rg2+ $8 51. Kf6 Rf2+ $8 52. Ke6 e3 53.
Rc8+ Kg7 54. Rg8+ Kh7 55. Rg1 (55. f8=Q $2 {Notkin,M} Rxf8 56. Rxf8 $4 e2 57.
Rf7+ Kg8 $19) 55... e2 (55... Rf4 {Notkin,M} 56. Ke7 Re4+ 57. Kf8 Rf4 58. Rg7+
Kh6 (58... Kh8 59. Rg3 {[%csl Rh8][%cal Gg3e3,Gg3h3]}) 59. Kg8 e2 60. Rg1 $18)
56. Re1 Kg7 57. Kxd5 Kxf7 58. Kd4 {[%csl Re2][%cal Gd4d3,Gd3e2,Ge1e2]} 1-0

[Event "EU-ch 2nd"]
[Site "Ohrid"]
[Date "2001.06.06"]
[Round "6"]
[White "Macieja, Bartlomiej"]
[Black "Czebe, Attila"]
[Result "1-0"]
[WhiteElo "2608"]
[BlackElo "2502"]
[Annotator "Golod,V"]
[PlyCount "69"]
[EventDate "2001.06.01"]
[EventType "swiss"]
[EventRounds "13"]
[EventCountry "YUG"]
[SourceTitle "CBM 084"]
[Source "ChessBase"]
[SourceDate "2001.09.13"]
[SourceVersion "1"]
[SourceVersionDate "2001.09.13"]
[SourceQuality "1"]

1. e4 c5 2. Nf3 e6 3. d4 cxd4 4. Nxd4 Nf6 5. Nc3 Nc6 6. Nxc6 bxc6 7. e5 Nd5 8.
Ne4 Bb7 9. c4 $5 {In my opinion, this very interesting reaction on the
previous move of black.} (9. Be2 {You can see comments to game: Jakovenko,
D-Filippov,V/Elista,2001/CBM 83 (1-0)(Golod,V)(29)}) 9... Nb4 10. c5 $1 {
[%mdl 4]} (10. Bd2 $143 {See comments to Khachian,M-Halkias,S/Yerevan,2000/
CBM78(1-0)(Golod,V) (39)}) 10... Qh4 $2 $146 {After this novelty black get in
a strip of difficulties.Was checked in the previous games:} (10... Qb8 $5 11.
f4 (11. Nd6+ $143 Bxd6 12. cxd6 a5 13. a3 Nd5 14. Qg4 Kf8 15. Be2 Ba6 $13 {
Groot,A-Leko,P/ICCF Email,1999/76 telechess (1/2-1/2)(27)}) 11... Ba6 12. a3
Bxf1 13. Rxf1 Nd5 14. Qd4 Be7 (14... Qd8 15. Bd2 Be7 16. f5 exf5 17. Rxf5 O-O
18. O-O-O $14 {Parligras,M-Manolache,M/Techirghiol,2000(0-1)(52)}) 15. f5 exf5
16. Rxf5 O-O 17. Bd2 f6 18. O-O-O fxe5 19. Rxe5 $14 {Topalov,V-Illescas
Cordoba,M/Cala Galdana,1999(1-0)(22)}) ({and} 10... Ba6 $5 11. Bxa6 Nxa6 12.
Qd4 {[%csl Yd4][%cal Yd4c5,Yd4e5]} (12. O-O $2 $15 {"Why? For what hopes white
giving P without any compensation?". See comments to Shabalov,A-Vescovi,G/
Paget Parish,2001/CBM 81 (0-1)(Golod,V)(33)}) 12... Be7 (12... Nxc5 $4 13. Nxc5
Qa5+ 14. b4 $18 {Comments to 12...Rb8!? and 12...Qa5+!? you cand find in
annotations to game:Shabalov,A-Vescovi,G/Paget Parish,2001/CBM 81 (0-1)(Golod,
V)(33)}) 13. O-O Rb8 14. Bd2 O-O 15. Rad1 Nc7 $6 (15... f5 $142) 16. Ba5 Qc8
17. Nf6+ $1 $16 {Peng Xiaomin-Zhang Zhong/HeiBei,2001 (1-0)(39)}) 11. Qf3 $5 {
[%csl Rh4][%cal Gc1g5] It's more strongly,than:} (11. Bd3 Nxd3+ 12. Qxd3 Ba6 $5
(12... Be7 $6 13. Qf3 (13. O-O $143 Ba6 $1) 13... Ba6 {[%csl Re1][%cal Ga6f1]}
14. g3 Qh3 15. Bg5 Qf5 16. Qxf5 exf5 17. Bxe7 fxe4 18. Bd6 $14) 13. Qd4 Qh5 14.
f3 Qg6 {+/=/=}) ({In my opinion, even more unpleasant for black:} 11. g4 $1 {
[%csl Rb4,Rb7,Rh4][%cal Gc1g5,Gd1b3]} Be7 (11... h5 $143 12. Qb3 a5 13. a3 Qxg4
14. f3 $18) 12. Qb3 a5 13. a3 Qxg4 14. f3 Qh4+ 15. Kd1 $18 {+/-/+-}) 11... h6
$2 {[%mdl 8192]} ({It is necessary:} 11... Nc2+ 12. Kd1 Nd4 $8 (12... Nxa1 $4
13. Bg5 $18 {[%csl Ra1]}) 13. Qf4 (13. Qd3 $2 Qh5+ {[%csl Re5]}) 13... Qxf4 14.
Bxf4 {+/=/+/-}) ({Also loses right away:} 11... Bxc5 $2 12. Bg5 Nc2+ 13. Kd2
$18) ({and} 11... Qd8 $2 12. Qb3 $18 {[%csl Rb4,Rb7]}) 12. g3 Qd8 (12... Nc2+
$143 13. Kd2 Nd4 (13... Qxe4 14. Qxe4 Nxa1 15. b4 $18 {[%cal Gc1b2]}) 14. Qd3
$18 {[%csl Rd4,Rh4]}) 13. Qb3 {[%csl Rb4,Rb7] +/-/+-} Qa5 $8 (13... a5 $143 14.
a3 Na6 15. Qxb7 Nxc5 16. Nxc5 Bxc5 17. Qb3 $18) 14. Bd2 Bxc5 15. Nxc5 Qxc5 16.
Bxb4 Qxe5+ 17. Be2 {[%csl Gb4,Re8][%cal Gb4f8]} Ba6 18. Qc2 h5 $6 ({More
stubborn resistance after:} 18... Rb8 19. Bc3 Qxe2+ 20. Qxe2 Bxe2 21. Kxe2 f6)
19. Rd1 {[%cal Gb4d6] White has a superfluous bishop.The rest is the matter of
technics.} Bxe2 {Differently,it is impossible to lead progress "d5".} 20. Qxe2
Qxe2+ 21. Kxe2 d5 22. Ba3 {[%csl Ga3][%cal Ya3b2,Ga3f8]} Kd7 23. Rd4 e5 24. Ra4
{[%csl Ra7]} a6 25. Rc1 {[%cal Gc1c5,Gc5a5]} Rhb8 26. Rh4 $1 {Now it is
possible to transfer game in other side.} Rh8 (26... g6 $143 27. g4 $1 hxg4
$140 (27... Rh8) 28. Rh7 {[%csl Ga3,Rc6,Yd7,Rf7]}) 27. Rc5 Kc7 28. Ra4 Rhb8 29.
Rh4 g6 $6 (29... Rh8 $142 {+/-/+-}) 30. g4 $1 $18 Rh8 (30... hxg4 31. Rh7 Rf8
$140 32. Rc1 {[%csl Rf7,Yf8][%cal Yf8f7]}) 31. g5 f6 32. Rh3 {[%csl Rc6][%cal
Gh3c3]} Kd7 33. Rb3 fxg5 34. Rb7+ Kd6 35. Rb6 {[%csl Ga3,Gb6,Gc5,Rd6][%cal
Gc5c6] Further resistance is impossible.} 1-0

[Event "ESP-chA"]
[Site "Seville"]
[Date "2004.08.16"]
[Round "4"]
[White "Illescas Cordoba, Miguel"]
[Black "Cifuentes Parada, Roberto"]
[Result "1-0"]
[WhiteElo "2618"]
[BlackElo "2543"]
[Annotator "Golod,V"]
[PlyCount "115"]
[EventDate "2004.08.03"]
[EventType "tourn"]
[EventRounds "5"]
[EventCountry "ESP"]
[EventCategory "11"]
[SourceTitle "CBM 103"]
[Source "ChessBase"]
[SourceDate "2004.11.11"]
[SourceVersion "1"]
[SourceVersionDate "2004.11.11"]
[SourceQuality "1"]

1. e4 c5 2. Nf3 Nc6 3. Nc3 e6 4. d4 cxd4 5. Nxd4 Nf6 6. Nxc6 bxc6 7. e5 Nd5 8.
Ne4 f5 9. exf6 Nxf6 10. Nd6+ Bxd6 11. Qxd6 Qb6 12. Bd3 c5 13. Bf4 Bb7 14. O-O
Rc8 15. c4 Qxd6 {Comments to this part of the game and also to:} (15... Rc6 $5
16. Qb8+ Rc8 17. Qd6 Rc6 18. Qe5 O-O 19. Rad1 $14 {(Here White has small but a
stable advantage ) you can find in my annotations to Zhang Pengxiang-Antonio,R/
Calcutta,2001/CBM 85(1-0)(45)}) ({Twenty eight years ago was checked in
practice:} 15... Kf7 16. Rad1 Qxd6 17. Bxd6 Rhd8 18. f4 g6 19. h3 Be4 20. Be2
Rc6 21. Be5 $14 {Kurajica,B-Nicevski,R/Skopje,1976/Inf 21/346(1-0)(41)}) 16.
Bxd6 Rc6 17. Be5 d6 ({Were checked in the preceding game of Roberto Cifuentes
Parada,who considered as an expert in this variation:} 17... O-O $6 {but he
had problems,after:} 18. Rad1 $1 d6 $140 19. Bxd6 $1 Rxd6 20. Bxh7+ Kxh7 21.
Rxd6 $16 {Wedberg,T-Cifuentes Parada,R/Haninge,1992(1-0)(53)}) 18. Bc3 $14 {
[%csl Yc3,Gd3] Pair of bishops provides to White a long time initiative.} Kf7
19. Rfe1 ({On:} 19. f4 {you can find three games}) ({and after:} 19. Rad1 {
you can find only two games in Mega Database 2004.}) 19... Rcc8 $146 ({Too
early:} 19... d5 $6 20. Be5 (20. b3 $143 d4 21. Bd2 Re8 22. f4 Rb6 23. h3 g6
24. Ba5 Ra6 {1/2-1/2 Pietzsch,W-Nei,I/Leningrad,1960(24)}) 20... Rd8 21. Rad1
$14 {/\b3}) 20. f3 {/\Kf2,g4,h4 One of the possible plans in such a type of
positions is a pawn attack on the king side.} ({Besides,White clearly better,
after logical:} 20. Rad1 {/\Bc2(קd6)} d5 $140 21. Be5 {/\b3,h3 +/=}) 20...
Rhe8 21. Rad1 g6 22. Bc2 $6 {In my opinion,White shouldn't waste a tempo on
threat Pd6 and provoke his proceeding to "d5",because "d6-d5" it's black's
only idea.} ({I think it was better to continue preparation for the pawn
attack:} 22. Kf2 d5 23. Be5 {and in comparison to the game,White improve place
of his king.} ({Unaccurate is:} 23. h4 $2 d4 24. Bd2 e5 {/\e4}) 23... dxc4 $6
24. Bxc4 Bd5 25. Ba6 {+/=/+/-}) 22... d5 23. cxd5 Nxd5 $6 {Dubios move. Black
destroys to himself his pawn structure.} ({Essential was:} 23... exd5 24. Bb3
Rxe1+ 25. Rxe1 Rd8 {/\c4 and d4} 26. Rd1 $14) 24. Be5 Nb4 25. Bb1 $6 ({Leads
to serious advantage:} 25. Ba4 $1 Bc6 (25... Nc6 $2 26. Bd6 {קc5}) 26. Bxc6
Rxc6 (26... Nxc6 $143 27. Rc1 Nxe5 28. Rxe5 c4 29. Re4 Rb8 30. Rc2 Rec8 31.
Rexc4 Rxc4 32. Rxc4 Rxb2 33. Rc7+ Kf6 34. Rxa7 $16 {with quite good chances
for a win.}) 27. Re4 $1 Nd5 28. Rc4 {+/=/+/-}) 25... Bd5 $14 {Now Black
succeed to stabilize his position,however White still better.} 26. a3 Nc6 27.
Bc3 Red8 28. Kf2 Bb3 29. Rxd8 Rxd8 30. Kg3 {Possible move,but it's still
unclear to me why not to break black's defence with immediate "h4-h5":} (30. h4
$5 Nd4 (30... e5 $5) 31. h5 (31. g4 $143 Bd5 32. Kg3 h5 (32... Nxf3 $2 33. Rf1)
33. Be4 hxg4 34. fxg4 e5 $132) 31... Nb5 (31... Kf6 $2 32. Re3 $1 {[%csl Rb3,
Yd4][%cal Ge3b3,Gc3d4] Very strong resource!} Bc4 $140 33. b4 cxb4 34. axb4 $16
) 32. hxg6+ hxg6 33. Be5 {/\Rh1} (33. Ba5 $5 Rd5 (33... Rh8 $6 34. Re4) 34. Be4
Rh5 $14) 33... Rd2+ 34. Ke3 Rxg2 35. Rh1 Nd4 36. Rh7+ Kg8 37. Rg7+ Kf8 38. Rxa7
Bc2 $1 (38... Re2+ $143 39. Kf4 Rxe5 (39... g5+ $2 40. Kxg5 Rxe5+ (40... Nxf3+
41. Kf6 {/\42.Ra8#}) 41. Kf6 {[%csl Re5,Rf8][%cal Ga7a8,Gf6e5]}) (39... Kg8 40.
Rg7+ Kf8 41. Be4 $16) 40. Ra8+ $8 Ke7 41. Kxe5 Nxf3+ 42. Kf4 Bd5 43. Ra5 $16)
39. Bg7+ Ke8 40. Bxc2 Rxc2 (40... Nxc2+ $2 41. Ke4 {+/=/+/-}) 41. b4 (41. Bxd4
$2 cxd4+ 42. Kxd4 Rxb2 43. Ke5 Re2+ 44. Kf6 Re3 45. f4 Re4 46. Kg5 e5 $11)
41... Nf5+ 42. Kd3 {+/=/+/-}) 30... Nd4 31. Re5 $6 {Its just not a place for
the rook!} Bd5 32. h4 Nb5 {Now it becomes clear why "e5" its not a place for a
rook.} 33. Ba5 Rb8 {קb2} 34. Re1 Nd4 ({It was possible to keep bishop out of
game by:} 34... Rb7 $14 {[%csl Ra5] with good opportunities for equality in
the future.}) 35. Bc3 Bc4 {/\Ne2+ This move only improves a position of white
king and wasting a time for Black.} (35... a5 $1 {protecting from future
threat "b4".} 36. b4 (36. h5 $143 a4 37. hxg6+ hxg6 $11) 36... axb4 37. axb4
Nb5 (37... Rxb4 $6 38. Bxb4 cxb4 39. Kf4 Kf6 40. Ke3 $14) 38. Be5 Rc8 {+/=/=})
36. Kf2 {/\b4(פd4)} Rd8 $6 {<->d /\Nb5} ({Again it was much better:} 36... a5
$5 37. b4 $140 axb4 38. axb4 Nb3 (38... Rxb4 $4 39. Bxb4 cxb4 40. Re4 $18) 39.
bxc5 Nxc5 {+/=/=}) 37. h5 Kf6 $2 ({Also doesn't helps:} 37... a6 $2 38. Re4 $1
{/\b4} Bb3 39. Rf4+ Nf5 (39... Kg7 40. hxg6 hxg6 41. Rg4 {[%csl Rg6]}) 40. g4
g5 41. Re4 Nd4 (41... Nd6 42. Re5) 42. Re5 Rd5 43. Rxd5 exd5 44. Bxh7 $18) ({
and} 37... gxh5 38. Rh1 $16) ({More stubborn was:} 37... Nb5 38. Ba5 Rd5 39.
hxg6+ hxg6 40. Rc1 {/\Be4 +/=/+/-}) 38. f4 $16 ({Also leads to huge advantage:
} 38. b4 $5 cxb4 39. axb4 Kf7 (39... e5 $143 40. f4 $1 {/\Re4}) 40. Re4 e5 41.
f4 $1 Bd5 42. Rxe5 Nb5 43. Ba1 $16) 38... Rd5 $6 (38... Kf7 $142 39. Rh1 $1 $36
) 39. hxg6 hxg6 40. Rh1 $2 $138 {Probably this mistake was made in zeitnot.} (
40. b4 $1 g5 (40... cxb4 41. axb4 {/\Re4 +-}) 41. Be4 Rd7 42. fxg5+ Kxg5 43.
bxc5 $18) 40... e5 41. Be4 $2 ({It deserves more attention:} 41. g3 $1 exf4 42.
gxf4 $16 {/\Rh6 or b4} Rh5 $140 43. Rxh5 gxh5 44. b4) 41... Rd6 42. fxe5+ $6 ({
And another time:} 42. b4 $1 cxb4 43. Bxb4 Rb6 (43... Rd8 44. fxe5+ Kxe5 45.
Bxg6 $16) 44. Rc1 Be6 (44... Bf7 $143 45. Rc5 $18 exf4 $140 $2 46. Bc3 Rd6 47.
Rc6 $1 Rxc6 48. Bxd4+) 45. fxe5+ Kxe5 46. Bxg6 $16) 42... Kxe5 43. Ke3 $6 {
Miguel Illescas Cordoba continues to miss chance after chance.} ({After simple
continuation:} 43. Re1 $1 Kf6 44. b4 cxb4 45. axb4 Kg5 46. Rd1 Nb5 47. Rxd6
Nxd6 48. Bf3 {+/=/+/- black's position still remains very difficult, thanking
to a pair of white's bishops.}) 43... Bd5 $1 $11 44. Rh4 Re6 45. Bxd4+ $2 {
Although White is still not losing there,this move allows to play on win only
to Black.} ({White had to agree with position's new estimate and accept a draw,
after:} 45. b4 Bxe4 46. Rxe4+ Kd5 47. Rxe6 Nxe6 48. bxc5 Nxc5 $11) 45... cxd4+
46. Kd3 Ba2 $1 {And now suddenly - Black plays on win!!} 47. Rh1 (47. Kc2 $5 {
/\b3 or Bf3} Rb6 48. Bf3 Bd5 (48... Bb3+ 49. Kd3 Be6 $11) 49. Bxd5 Kxd5 50. Rh7
$11) 47... Rb6 48. Re1 (48. Bf3 $142 {/\Re1+ קd4} Rb3+ 49. Kc2 Re3 50. Rh8 $11
) 48... Rb3+ 49. Kc2 (49. Kd2 $143 Rxb2+ 50. Kc1 Rf2 51. Bxg6+ Kd6 $15) 49...
Re3 50. Rxe3 dxe3 51. Bf3 Kd4 $6 {No matter that white is still Ok there,Black
had to try logical:} (51... Bc4 $1 {/^a6-f1} 52. Kc3 Bf1 {/\Kf4-g3-f2} 53. g3
g5 54. b4 Kf5 55. a4 $11 {White succeeds to create a blockade position,the
draw agreement should come soon there.}) 52. b3 {Now it should be a draw after
expected sacrifice on "b3",but...} g5 $4 {Painful blunder leading to immediate
loss.} ({Black has a simple draw after:} 52... Bxb3+ $1 53. Kxb3 Kd3 54. Kb4 e2
55. Bxe2+ Kxe2 56. Kb5 Kf2 57. Ka6 (57. g4 $144 Kf3 58. g5 Kf4 59. Ka6 Kxg5 60.
Kxa7 Kf4 61. a4 g5 62. a5 g4 63. a6 g3 64. Kb7) 57... Kxg2 58. Kxa7 g5 59. a4
g4 60. a5 g3 61. a6 Kf2 62. Kb7 g2 63. a7 g1=Q 64. a8=Q) 53. Be2 $18 {[%csl
Ra2,Ye2][%cal Gc2b2]} Ke4 54. g3 $1 Kd4 55. Kb2 Bb1 56. Kxb1 Kc3 57. Kc1 Kxb3
58. Ba6 {[%cal Yc1d1,Yd1e2] The further resistance is senseless.} 1-0